LEADER 01222nam0 22002771i 450 001 UON00211249 005 20231205103336.53 100 $a20030730d1971 |0itac50 ba 101 $aita 102 $aIT 105 $a|||| ||||| 200 1 $a Chiarivigilia di primavera$fMiguel Angel Asturias$ga cura di Amos Segala. Milano$eAccademia ; [Firenze]$eSansoni, 1971. 188 p. : ill. ; 21 cm Trad. italiana a fronte 410 1$1001UON00174516$12001 $aˆIl ‰ maestrale$ecollana di poesia moderna$1210 $a[Firenze]$cSansoni ; Milano$cAccademia 620 $aIT$dMilano$3UONL000005 620 $aIT$dFirenze$3UONL000052 676 $aGu861$cLetteratura guatemalteca. Poesia$v21 700 1$aASTURIAS$bMiguel Angel$3UONV111456$0131224 702 1$aSEGALA$bAmos$3UONV127213 712 $aAccademia$3UONV265744$4650 712 $aSansoni$3UONV246441$4650 801 $aIT$bSOL$c20240220$gRICA 899 $aSIBA - SISTEMA BIBLIOTECARIO DI ATENEO$2UONSI 912 $aUON00211249 950 $aSIBA - SISTEMA BIBLIOTECARIO DI ATENEO$dSI Isp.A Gu 860 a 008 $eSI LO 63107 5 008 $sBuono 996 $aChiarivigilia di primavera$91261987 997 $aUNIOR LEADER 02871nam0-2200529---450 001 9910293843103321 005 20250227171810.0 012 $ao-os s,i. 6.s. de*) (3) 1804 (R)$2fei$5IT-NA0338: A IV 249 012 $ao-os s,i. 6.s. de*) (3) 1804 (R)$2fei$5IT-NA0338: D V 41 012 $ao-os s,i. 6.s. de*) (3) 1804 (R)$2fei$5IT-NA0338: D VIII 60 100 $a20181207g18041805km-y0itay50------ba 101 0 $alat 102 $aCH 140 $aa-----------------bb0------- 200 1 $aFlora britannica, auctore Jacobo Eduardo Smith, M. D. Societatis Linnæanæ præside ... Recudi curavit additis passim adnotatiunculis J. J. Römer ... Vol. I. [-III.] 210 $aTurici$ctypis Henrici Gessneri$d1804-1805 215 $a3 v.$d8° 300 $aPaginazione continua nei 3 v. 307 $aSegn.: [A]? B-2E? 2F². - Le prime pp. non numerate contengono la prefazione (v. 1) 307 $aSegn.: [A]² B-2H? 2I² (bianca [A]1). - Le ultime 6 pp. non numerate contengono l'indice (v. 2) 307 $aSegn.: [A]² B-2H? 2I?. - Le ultime 4 pp. non numerate contengono l'indice (v. 3) 307 $a1.: [8], 433, [3] p. ; 2.: P. [5], 438-914, [6] p. ; 3.: P. [5], 919-1406, [2] p. 317 $aTimbro ovale: "R. Orto Botanico di Napoli Biblioteca Tenoreana" sul front.$5IT-NA0338: A IV 249-251 e D V 41-43 317 $aTimbro ovale: "Biblioteca Terracciano" sul front.$5IT-NA0338: D VIII 60-62 620 $aSvizzera.$dZurigo 700 1$aSmith,$bJames Edward$f<1759-1828>$0760725 701 1$aRömer,$bJohann Jakob$0760726 702 1$aTerracciano,$bNicola$4390$9Precedente proprietario$5IT-NA0338: D VIII 60-62 719 00$aGessner,$gHeinrich$4650 801 0$aIT$bUNINA$gREICAT$2UNIMARC 856 4 $zVisualizza la versione elettronica in SBNWeb$uhttps://books.google.it/books?id=64K9haeP-vUC&printsec=frontcover&hl=it&source=gbs_ge_summary_r&cad=0#v=onepage&q&f=false$e20181207 856 4 $zVisualizza la versione elettronica in SBNWeb$uhttps://books.google.it/books?id=r0__VzTwIoIC&printsec=frontcover&hl=it&source=gbs_ge_summary_r&cad=0#v=onepage&q&f=false$e20181207 856 4 $zVisualizza la versione elettronica in SBNWeb$uhttps://books.google.it/books?id=YDWpTCm1xAYC&printsec=frontcover&hl=it&source=gbs_ge_summary_r&cad=0#v=onepage&q&f=false$e20181207 901 $aAQ 912 $a9910293843103321 952 $aA IV 249$b446$fDBV 952 $aA IV 250$b446$fDBV 952 $aA IV 251$b446$fDBV 952 $aD V 41$b1991$fDBV 952 $aD V 42$b1991$fDBV 952 $aD V 43$b1991$fDBV 952 $aD VIII 60$fDBV 952 $aD VIII 61$fDBV 952 $aD VIII 62$fDBV 959 $aDBV 996 $aFlora britannica, auctore Jacobo Eduardo Smith, M. D. Societatis Linnæanæ præside ... Recudi curavit additis passim adnotatiunculis J. J. Römer ... Vol. I.$91539690 997 $aUNINA